| 000 | 00607nam a22002177a 4500 | ||
|---|---|---|---|
| 001 | 34605 | ||
| 003 | UA-OsUOA | ||
| 005 | 20210920222108.0 | ||
| 007 | ta | ||
| 008 | 20051015b un ||||| |||| 00| 0 ukr d | ||
| 040 |
_aUA-OsUOA _brus _cUA-OsUOA _dUA-OsUOA |
||
| 041 | _arus | ||
| 080 | _a94(38) | ||
| 090 |
_a94(38) _bИ-90 |
||
| 245 |
_aИстория Древней Греции _cпод. ред. Авдиева В. И. |
||
| 260 |
_aМ. _bВысшая школа _c1962 |
||
| 300 | _a104 с. | ||
| 650 | 7 |
_a9 Географія. Біографії. Історія _2UDC |
|
| 942 |
_cBK _2udc |
||
| 955 | _a2 | ||
| 999 |
_c321036 _d321036 |
||